[Event "Travemuende op 21th"]
[Site "Travemuende"]
[Date "2004.12.27"]
[Round "1"]
[White "Draeger, Klaus"]
[Black "Wichmann, Daniel"]
[Result "0-1"]
[WhiteElo "1692"]
[BlackElo "2255"]
[PlyCount "86"]
[EventDate "2004.12.27"]
[EventType "swiss"]
[EventRounds "7"]
[EventCountry "GER"]
[SourceTitle "EXT 2006"]
[Source "ChessBase"]
[SourceDate "2005.11.24"]
[SourceVersion "1"]
[SourceVersionDate "2005.11.24"]
[SourceQuality "1"]

1. e4 Nf6 2. Nc3 e5 3. b3 Bb4 4. Nge2 0-0 5. Bb2 Re8 6. Ng3 d5 7. Nxd5 Nxd5 8. exd5 Qxd5 9. Qe2 Nc6 10. 0-0-0 a6 11. Qh5 Be6 12. Bd3 g6 13. Qh6 Bf8 14. Qh4 Qd8 15. Qxd8 Raxd8 16. Be4 Bd5 17. h4 f5 18. Bxd5+ Rxd5 19. h5 Rdd8 20. hxg6 hxg6 21. Ne2 Bg7 22. Rh4 Kf7 23. d4 g5 24. Rh7 Kg6 25. Rxg7+ Kxg7 26. dxe5 Rxd1+ 27. Kxd1 Nxe5 28. f4 gxf4 29. Nxf4 Kf7 30. Kd2 Nd7 31. Nd5 Rg8 32. Nf4 Nc5 33. Ke3 Ne6 34. Nxe6 Kxe6 35. Kf3 Rd8 36. Ke2 Kd5 37. a4 Ke4 38. Bc1 Rd6 39. Bd2 Rc6 40. c3 Rg6 41. Kf2 Kd3 42. Bf4 Kxc3 43. Bxc7 b5 0-1

[Event "Oberliga Ost-B 0405"]
[Site "Germany"]
[Date "2004.12.12"]
[Round "5.3"]
[White "Wichmann, Daniel"]
[Black "Pfleger, Sascha"]
[Result "1/2-1/2"]
[WhiteElo "2255"]
[BlackElo "2166"]
[PlyCount "126"]
[EventDate "2004.10.10"]
[EventType "team-tourn"]
[EventRounds "11"]
[EventCountry "GER"]
[SourceTitle "EXT 2006"]
[Source "ChessBase"]
[SourceDate "2005.11.24"]
[SourceVersion "1"]
[SourceVersionDate "2005.11.24"]
[SourceQuality "1"]
[WhiteTeam "Wiesbaden Dotzheim"]
[BlackTeam "Jena Glas"]
[WhiteTeamCountry "GER"]
[BlackTeamCountry "GER"]

1. e4 e6 2. d4 d5 3. exd5 exd5 4. Nf3 Nf6 5. c4 Bb4+ 6. Nc3 0-0 7. Be2 dxc4 8. Bxc4 Nbd7 9. 0-0 Nb6 10. Be2 Bg4 11. h3 Be6 12. Ne5 c6 13. Qd3 Nfd7 14. Qg3 Nxe5 15. dxe5 Bxc3 16. bxc3 f5 17. exf6 Qxf6 18. Ba3 Rf7 19. Bc5 Qf4 20. Qxf4 Rxf4 21. Rfb1 Na4 22. Bd4 b5 23. Bd1 Nb6 24. g3 Rf7 25. a4 bxa4 26. Bxa4 Bd5 27. Bb3 Rc8 28. Bxb6 axb6 29. Bxd5 cxd5 30. Rxb6 Rxc3 31. Rd6 h6 32. Rxd5 Rc2 33. Rf1 Rf3 34. Kg2 Rf7 35. Rd3 Rb2 36. Rf3 Rxf3 37. Kxf3 Ra2 38. Re1 Kh7 39. Re2 Ra3+ 40. Re3 Ra2 41. Re2 Ra3+ 42. Kg2 Rb3 43. Re6 Rb2 44. h4 h5 45. Re8 Kg6 46. Rf8 Ra2 47. Kh3 Rb2 48. Rf4 Ra2 49. Kg2 Rb2 50. Rd4 Rb5 51. Rd6+ Kf5 52. Kf3 Re5 53. Rd7 Kf6 54. Rd4 Ra5 55. Kf4 Rf5+ 56. Ke3 Ra5 57. Ke4 Re5+ 58. Kd3 Ra5 59. f3 Rb5 60. Kc4 Rb1 61. Rd6+ Kf7 62. Rd5 Rf1 63. f4 g6 1/2-1/2

[Event "Oberliga Ost-B 0304"]
[Site "Germany"]
[Date "2004.04.25"]
[Round "11.4"]
[White "Schnitzspan, Lothar"]
[Black "Wichmann, Daniel"]
[Result "1-0"]
[WhiteElo "2309"]
[BlackElo "2246"]
[PlyCount "91"]
[EventDate "2003.11.02"]
[EventType "team-tourn"]
[EventRounds "11"]
[EventCountry "GER"]
[SourceTitle "EXT 2005"]
[Source "ChessBase"]
[SourceDate "2004.11.15"]
[SourceVersion "1"]
[SourceVersionDate "2004.11.15"]
[SourceQuality "1"]
[WhiteTeam "Griesheim"]
[BlackTeam "Dotzheim"]
[WhiteTeamCountry "GER"]
[BlackTeamCountry "GER"]

1. Nf3 f5 2. b3 d6 3. d4 Nf6 4. Bb2 g6 5. g3 Bg7 6. Bg2 e5 7. dxe5 Ng4 8. Nbd2 Nxe5 9. Nxe5 Bxe5 10. Bxe5 dxe5 11. 0-0 e4 12. f3 exf3 13. exf3 0-0 14. f4 Qf6 15. Nc4 Rd8 16. Qe2 Nc6 17. Rfe1 Bd7 18. Rad1 Re8 19. Qf2 Rxe1+ 20. Rxe1 Be8 21. Qc5 Rd8 22. h4 a6 23. Ne5 Qf8 24. Qc4+ Bf7 25. Nxf7 Qxf7 26. Re8+ Kg7 27. Rxd8 Nxd8 28. Qd4+ Qf6 29. Qd7+ Kh6 30. Qxc7 Nc6 31. Qxb7 Nd4 32. Qc7 Ne2+ 33. Kf2 Nc3 34. Qc5 Nxa2 35. Kg1 Nc3 36. Kh2 Ne2 37. b4 Nd4 38. c4 Nc2 39. b5 Qc3 40. Qf8+ Kh5 41. Qe7 Kh6 42. bxa6 Ne1 43. Qxe1 Qxe1 44. a7 Qc3 45. a8Q Qf6 46. c5 1-0